000 00877nam a2200265Ia 4500
003 OSt
005 20220923220706.0
006 a|||||r|||| 00| 0
007 ta
008 220922b |||||||| |||| 00| 0 hin d
024 _a189,228
037 _cTextual
040 _aARTS
_cARTS
_bhin
041 _2hin
_ahin
082 _aO152,2N19x, L3
100 _aबख्शी, स्वरूप कुमारी
_9157686
245 0 _aमेम साहब का बेरा
246 _aMem sāhab kā berā
250 _aसंस्क0 3
260 _aलखनऊ
_b भारतीय ग्रन्थमाला
_c1973
300 _a84पृ.
_ccm.
650 _aहिन्दी साहित्य
_9156264
942 _hO152,2N19x, L3
_cTEXL
_2CC
999 _c342081
_d342081